01407 2200589 4500001002100000008004100021035002000062245006900082260004100151300001900192020001800211084001400229082000800243650001100251990001500262990001500277990001500292990001500307990001500322990001500337990001500352990001500367990001500382990001500397990001500412990001500427990001500442990001500457990001500472990001500487990001500502990001500517990001500532990001500547990001500562990001500577990001500592990001500607990001500622990001500637990001500652990001500667990001500682990001500697990001500712990001500727990001500742990001500757990001500772990001500787990001500802INLIS000000000000058 IND  a0010-1025000004 aSIAP ASPD LITERASI BAHASA INGGRISb2024/2025cAYU WULAN TRISNANI aYOGYAKARTAbDAFA BINTANG REKSAc2024 a106c19,5 X 28 a9799799946522 a420 AYU a a420 aBAHASA aASPD.20612 aASPD.20613 aASPD.20614 aASPD.20615 aASPD.20616 aASPD.20617 aASPD.20618 aASPD.20619 aASPD.20620 aASPD.20621 aASPD.20622 aASPD.20623 aASPD.20624 aASPD.20625 aASPD.20626 aASPD.20627 aASPD.20628 aASPD.20629 aASPD.20630 aASPD.20631 aASPD.20632 aASPD.20633 aASPD.20634 aASPD.20635 aASPD.20636 aASPD.20637 aASPD.20638 aASPD.20639 aASPD.20640 aASPD.20641 aASPD.20642 aASPD.20643 aASPD.20644 aASPD.20645 aASPD.20646 aASPD.20647 aASPD.20611